| 000 | 01046nam a2200313 i 4500 | ||
|---|---|---|---|
| 001 | 40335 | ||
| 003 | KOSZ 005 | ||
| 005 | 20211105114806.0 | ||
| 008 | 990331s1999 pl a f f |000 0 pol | ||
| 015 | _aPB 4874/99 | ||
| 020 | _a838524350X | ||
| 040 |
_aWA N _cWA N _dKOSZ 005/HR |
||
| 046 | _k1999 | ||
| 080 | _a629.33.083 | ||
| 100 | 1 |
_aTrzeciak, Krzysztof _d(1953- ) _eAutor |
|
| 245 | 1 | 0 |
_aWyposażenie warsztatów samochodowych : _bnowoczesne metody i urządzenia w naprawie i obsłudze samochodów / _cKrzysztof Trzeciak. |
| 260 |
_aWarszawa : _b"Auto ", _c[1999]. |
||
| 300 |
_a518, [1] s. : _bfot. kolor., rys., wykr. ; _c30 cm. |
||
| 380 | _aKsiążki | ||
| 388 | _a1901-2000 | ||
| 388 | _a1989-2000 | ||
| 650 | 4 | _aSamochody | |
| 650 | 4 | _aRemont | |
| 650 | 4 | _aObsługa i eksploatacja | |
| 650 | 4 | _aStacje obsługi pojazdów | |
| 658 | _aInżynieria i technika | ||
| 856 |
_uhttp://koha.tu.koszalin.pl/cgi-bin/koha/opac-detail.pl?biblionumber=40335 _yKatalog online BPK |
||
| 942 |
_2UKD _cKS |
||
| 999 |
_c40335 _d40335 |
||